تاريخ الصيدلة / (رقم التسجيلة. 12963)

تفاصيل مارك
000 -LEADER
fixed length control field 00453nam a22001577a 4500
005 - DATE AND TIME OF LATEST TRANSACTION
control field 20251108164729.0
008 - FIXED-LENGTH DATA ELEMENTS--GENERAL INFORMATION
fixed length control field 250721s9999 xx 000 0 ara d
082 14 - DEWEY DECIMAL CLASSIFICATION NUMBER
Classification number 615.09/أحل
100 1# - MAIN ENTRY--PERSONAL NAME
Personal name إستيتيه، أحلام
245 10 - TITLE STATEMENT
Title تاريخ الصيدلة /
264 1# - PRODUCTION, PUBLICATION, DISTRIBUTION, MANUFACTURE, AND COPYRIGHT NOTICE
Place of production, publication, distribution, manufacture عمان :
Name of producer, publisher, distributor, manufacturer دار المستقبل للنشر و التوزيع،
Date of production, publication, distribution, manufacture, or copyright notice [19-].
300 ## - PHYSICAL DESCRIPTION
Extent 100ص
650 17 - SUBJECT ADDED ENTRY--TOPICAL TERM
Topical term or geographic name as entry element علم الصيدلة
942 ## - ADDED ENTRY ELEMENTS (KOHA)
Source of classification or shelving scheme Dewey Decimal Classification
Koha item type كتب
المقتنيات
حالة السحب حالة الفقدان مصدر التصنيف حالة التلف غير قابل للإعارة المكتبة الرئيسية المكتبة الحالية موقع الرف تاريخ التزويد الرقم المتسلسل Total Checkouts رقم الإستدعاء الباركود تاريخ آخر ظهور تاريخ الفاتورة نوع المادة (كوها)
    Dewey Decimal Classification     المكتبة المركزية المكتبة المركزية الإعارة 06/07/2004 178993   615.09/أحل 178993 28/07/2025 06/07/2004 كتب
    Dewey Decimal Classification     مكتبة الأميرة سلمى مكتبة الأميرة سلمى الإعارة 04/07/2015 1464986   615.09/أحل PLD00335753 28/07/2025 04/07/2015 كتب
    Dewey Decimal Classification     مكتبة النصر العامة مكتبة النصر العامة الإعارة 22/03/2015 [ 5497 ]   615.09/أحل PLD00378817 28/07/2025 22/03/2015 كتب
    Dewey Decimal Classification     مكتبة صويلح العامة مكتبة صويلح العامة الإعارة 18/06/2019 {6996}   615.09/أحل PLD00454410 28/07/2025 18/06/2019 كتب
Implemented & Customized by: BBB with SCIT (Smart Chains for Information Technology)

Powered by Koha